Public Law 94-437 Title I scholarship programs : health professions preparatory, health professions pregraduate, health professions /

Bibliographic Details
Corporate Author: Indian Health Service Scholarship Program (U.S.)
Format: Government Document Book
Language:English
Published: [Rockville, Md.] : Dept. of Health and Human Services, Public Health Service, Indian Health Service, [1989?]
Subjects:

MARC

Tag First Indicator Second Indicator Subfields
LEADER 00000cam a2200000 a 4500
001 in00000926839
005 20150924202123.0
008 890821s1989 mdu f00000 eng d
010 |a gp 90014457  
035 |a (OCoLC)20225172 
035 |9 AEQ8696AM 
040 |a OKX  |c OKX  |d GPO  |d UtOrBLW 
043 |a n-us--- 
074 |a 486-I-2 
086 0 |a HE 20.9402:In 2/2 
245 0 0 |a Public Law 94-437 Title I scholarship programs :  |b health professions preparatory, health professions pregraduate, health professions /  |c [prepared by Indian Health Service Scholarship Program ; drafted by Oklahoma City Area IHS]. 
264 1 |a [Rockville, Md.] :  |b Dept. of Health and Human Services, Public Health Service, Indian Health Service,  |c [1989?] 
300 |a 1 folded sheet (8 pages) ;  |c 22 cm. 
336 |a text  |b txt  |2 rdacontent 
337 |a unmediated  |b n  |2 rdamedia 
338 |a sheet  |b nb  |2 rdacarrier 
500 |a "Purpose, description, benefits." 
500 |a Shipping list number: 89-68-P. 
650 0 |a Indians of North America  |x Scholarships, fellowships, etc.  |z United States. 
650 0 |a Medical education  |x Scholarships, fellowships, etc.  |z United States. 
650 0 |a Federal aid to education  |z United States. 
710 2 |a Indian Health Service Scholarship Program (U.S.) 
999 |a MARS 
999 f f |s 3a5ee752-45ea-38d4-8ac7-113f3040b542  |i df99aa86-fcf4-3236-acfd-d0df57382d8c  |t 0 
952 f f |p normal  |a Texas A&M University  |b College Station  |c Sterling C. Evans Library  |d Evans: US Documents (Annex 5th floor)  |t 0  |e HE 20.9402:In 2/2  |h Superintendent of Documents classification  |i unmediated -- sheet  |m A14814918458 
998 f f |a HE 20.9402:In 2/2  |t 0  |l Evans: US Documents (Annex 5th floor)